| 000 | 00411nam a2200145Ia 4500 | ||
|---|---|---|---|
| 008 | 170221s9999 xx 000 0 und d | ||
| 100 | _aYeonu Lee | ||
| 245 | _aWomen Workforce in the Korean Context | ||
| 245 | _cYeonu Lee | ||
| 260 | _bInternational Review of Management and Marketing | ||
| 260 | _c2014 | ||
| 300 | _a4 : 1 | ||
| 650 | _xMarketing. | ||
| 856 | _uhttp://www.econjournals.com/index.php/irmm | ||
| 999 |
_c313769 _d313769 |
||